Indiana : Aportes a la etnología y lingüística, arqueología y antropología física de la América indígena = Beiträge zur Völker und Sprachenkunde, Archäologie und Anthropologie des Indianischen Amerika = Contributions to Ethnology and Linguistics, Archaeology and Physical Anthropology of Indian American : Ball-Game Scenes and Ball-Courts in West Mexican Archaeology : tomo 5 /

Kaydedildi:
Detaylı Bibliyografya
Yazar: Taladoire, Eric (autor)
Materyal Türü: Kitap
Dil:İngilizce
Baskı/Yayın Bilgisi: Berlín, Alemania : Gebr. Mann Verlag : Ibero-Amerikanisches Institut Preussischer Kulturbesitz, 1979, c1979
Etiketler: Etiketle
Etiket eklenmemiş, İlk siz ekleyin!

MARC

LEADER 00000nam^a2200000^a^4500
001 000561991
005 20250526000000.0
009 20260310131935.052
020 |a 3-7861-3025-6 
037 |a Acervo ITESO - Biblioteca 
041 |a ING 
091 |a FHA. 02949 
100 |a Taladoire, Eric  |e (autor) 
245 1 0 |a Indiana :  |b Aportes a la etnología y lingüística, arqueología y antropología física de la América indígena = Beiträge zur Völker und Sprachenkunde, Archäologie und Anthropologie des Indianischen Amerika = Contributions to Ethnology and Linguistics, Archaeology and Physical Anthropology of Indian American : Ball-Game Scenes and Ball-Courts in West Mexican Archaeology : tomo 5 / 
264 4 |a Berlín, Alemania :  |b Gebr. Mann Verlag :  |b Ibero-Amerikanisches Institut Preussischer Kulturbesitz,  |c 1979, c1979 
300 |a p. 33-42 ;  |c 24.0 cm. 
336 |a texto  |b txt  |2 rdacontenido 
337 |a sin mediación  |b n  |2 rdamedio 
338 |a volumen  |b nc  |2 rdasoporte 
515 |a Inventario familia Hartung: 1333 
649 |a XX 
910 |a Fondo Horst Hartung Franz 
920 |a Impresos - Libros 
930 |a Libros Antiguos y Raros 
905 |a 135 
901 |a 0500333571  |b IT2  |c LRA  |i D  |u 20250526 
902 |a https://opac.biblio.iteso.mx/vufind/Record/000561991